Представление документа в формате RUSMARC

ПолеНазваниеЗначение
  Тип записи a
  Библиографический уровень m
001 Контрольный номер UONB/MAIN/39e267c872234a858e9fa2f3ea41d87e
005 Дата корректировки 20260704163009.4
010 Индекс ISBN __
9 Тираж 30000 экз.
d Цена 75 к.
100 Данные общей обработки __
a Данные общей обработки 20260704d1983 u y0rusy018902 ca
101 Язык документа 1_
a Язык текста rus
c Язык оригинала ger
102 Страна публикации __
a Страна публикации KZ
105 Кодированные данные (монография) __
a Кодированные данные (монография) a z 000yy
200 Заглавие и сведения об ответственности 1_
a Заглавие Сад у дома
e Сведения, относящиеся к заглавию оформление, устройство, уход
e Сведения, относящиеся к заглавию перевод с немецкого
f Первые сведения об ответственности Ф. Эмке
203 Вид содержания и тип средства __
a Вид содержания Текст
b Характеристика содержания визуальный
c Тип средства непосредственный
210 Выходные данные 1_
a Место издания Алма-Ата
c Издательство Кайнар
d Дата издания 1983
215 Физическое описание __
a Объем 156 с.
c Иллюстрации/тип воспроизводства ил.
d Формат 20 см
606 Тематические рубрики 0_
a Основная рубрика Садоводство приусадебное
610 Ключевые слова 0_
a Ключевые слова садоводство приусадебное
686 Индексы других классификаций __
a Классификационный индекс 42.35.1
2 Код системы rubbk
700 Автор _1
a Фамилия Эмке
b Имя (инициалы) Ф.
g Полное личное имя Франц
801 Источник записи _0
a Страна RU
b Организация Ульяновская ОНБ
c Дата составления 20260704
g Правила каталогизации RCR
801 Источник записи _1
a Страна RU
b Организация Ульяновская ОНБ
c Дата составления 20260704
g Правила каталогизации RCR
901 Тип документа __
t Тип документа m
909 Создатель записи __
a Создатель записи Мартьянова
b Дата создания записи 20260704